| 000 | 01533nam a2200229Ia 4500 | ||
|---|---|---|---|
| 003 | Ost | ||
| 005 | 20260507075652.0 | ||
| 008 | 260507s9999||||xx |||||||||||||| ||und|| | ||
| 040 | _cfsecg | ||
| 041 | _aara | ||
| 082 | _a657.8333 | ||
| 100 |
_aالشرع، مجيد جاسم _eمؤلف |
||
| 245 | 0 |
_aالمحاسبة في المنظمات المالية : _bالمصارف وشركات التأمين التجارية / _c مجيد جاسم الشرع |
|
| 260 |
_aعمان: _bجامعة فيلادلفيا, _c2003 |
||
| 300 |
_a473 صفحة؛ _bإيضاحات ؛ _c24 سم |
||
| 504 | _aكشاف مصطلحات ص.451 | ||
| 520 | _aالمحاسبة في المصارف التعريف بالمصارف وأنشطتها المختلفة- العمليات الخاصة بتداول النقد والودائع والأوراق التجارية- العمليات الخاصة بالأوراق المالية والحولات المصرفية والإعتمادات- المطابقة اليومية للعمل المصرفي- إعداد القوائم المالية- المحاسبة في شركات التأمين- النظام المحاسبي في شركات التأمين-المحاسبة عن نشاط التأمين على الحياة- المحاسبة عن نشاط فروع التأمينات العامة- الحسابات الختامية والتقارير المالية. | ||
| 653 | _aالمحاسبة التحليلية | ||
| 653 | _aالمصارف | ||
| 653 | _aشركات التأمين | ||
| 942 | _cكتاب | ||
| 999 |
_c45628 _d45628 |
||